[Event "NOR-chT Club"]
[Site "Drammen"]
[Date "2019.05.31"]
[Round "2.10"]
[White "Nord, Dag Einar Bjorkevol"]
[Black "Melaa, Sondre Lillestol"]
[Result "0-1"]
[WhiteElo "1707"]
[BlackElo "2038"]
[PlyCount "72"]
[EventDate "2019.05.30"]
[EventType "team-swiss"]
[EventRounds "6"]
[EventCountry "NOR"]
[SourceTitle "CBM 190 Extra"]
[Source "ChessBase"]
[SourceDate "2019.07.15"]
[SourceVersion "1"]
[SourceVersionDate "2019.07.15"]
[SourceQuality "1"]
[WhiteTeam "Nittedal"]
[BlackTeam "OSS Kadett"]
[WhiteTeamCountry "NOR"]
[BlackTeamCountry "NOR"]

1. e4 e5 2. Nf3 Nc6 3. Bb5 a6 4. Ba4 Nf6 5. 0-0 Be7 6. c3 Nxe4 7. Re1 Nc5 8. Bxc6 dxc6 9. Nxe5 0-0 10. d4 Nd7 11. f4 c5 12. d5 Nb6 13. c4 f6 14. Nf3 Bd6 15. b3 Re8 16. g3 Bg4 17. Nbd2 Qd7 18. Bb2 Rxe1+ 19. Qxe1 c6 20. dxc6 Qxc6 21. Qe4 Qxe4 22. Nxe4 Bxf3 23. Nxd6 Rd8 24. Rf1 Bc6 25. Nf5 Be4 26. Ne3 Rd2 27. Ba3 Nd7 28. Ra1 Re2 29. Ng4 b6 30. Nf2 Bf3 31. b4 Re3 32. Bb2 cxb4 33. Bd4 Re2 34. Kf1 Nc5 35. a3 Nb3 36. Rb1 Nd2+ 0-1

[Event "NOR-ch Class2"]
[Site "Sarpsborg"]
[Date "2018.07.06"]
[Round "1"]
[White "Nord, Dag Einar Bjorkevol"]
[Black "Irandoust, Babak"]
[Result "0-1"]
[WhiteElo "1653"]
[BlackElo "1739"]
[PlyCount "94"]
[EventDate "2018.07.07"]
[EventType "swiss"]
[EventRounds "9"]
[EventCountry "NOR"]
[SourceTitle "EXT 2024"]
[Source "ChessBase"]
[SourceDate "2023.10.10"]
[SourceVersion "1"]
[SourceVersionDate "2023.10.10"]
[SourceQuality "1"]

1. e4 e5 2. Nf3 Nc6 3. Bc4 Nd4 4. Nxd4 exd4 5. d3 c6 6. 0-0 b5 7. Bb3 a5 8. a4 b4 9. Qh5 Qf6 10. Bg5 Qg6 11. Qh4 Be7 12. Bxe7 Nxe7 13. f4 f5 14. exf5 Nxf5 15. Re1+ Ne3 16. Re2 d5 17. Nd2 Rf8 18. Nf3 Qg4 19. Qxh7 Bf5 20. Qh3 Qxf4 21. Qh5+ g6 22. Qh7 0-0-0 23. Qa7 Bg4 24. Qa8+ Kd7 25. Qb7+ Kd6 26. Rf1 Rd7 27. g3 Qf6 28. Qb6 Nxf1 29. Bxd5 Kxd5 30. Re5+ Qxe5 31. Nxe5 Ne3 32. h4 Rf1+ 33. Kh2 Kxe5 34. Qxa5+ Ke6 35. Qa8 Rf2+ 36. Kg1 Rg2+ 37. Kh1 Rxc2 38. Qc8 Kf6 39. Qh8+ Ke7 40. Qe5+ Kf7 41. Qf4+ Kg8 42. Qb8+ Kh7 43. h5 Bf3+ 44. Kg1 Rg2+ 45. Kh1 Rf2+ 46. Kg1 Rf1+ 47. Kh2 Rh1# 0-1

[Event "NOR-ch U16"]
[Site "Bergen"]
[Date "2015.11.??"]
[Round "5"]
[White "Orsleie, Sivert Nikolai"]
[Black "Nord, Dag Einar Bjorkevol"]
[Result "1-0"]
[WhiteElo "1286"]
[BlackElo "1120"]
[PlyCount "81"]
[EventDate "2015.11.13"]
[EventType "swiss"]
[EventRounds "6"]
[EventCountry "NOR"]
[SourceTitle "EXT 2024"]
[Source "ChessBase"]
[SourceDate "2023.10.10"]
[SourceVersion "1"]
[SourceVersionDate "2023.10.10"]
[SourceQuality "1"]

1. d4 e6 2. c4 d5 3. Nc3 Nf6 4. Bf4 Bb4 5. e3 Ne4 6. Rc1 Bd7 7. Nf3 Nc6 8. a3 Nxc3 9. bxc3 Bxa3 10. Rb1 b6 11. cxd5 exd5 12. Qb3 Bf5 13. Bb5 Bxb1 14. Bxc6+ Kf8 15. Qxa3+ Qe7 16. Qxe7+ Kxe7 17. Bxa8 Rxa8 18. 0-0 Bd3 19. Rc1 c6 20. Ne5 Bb5 21. c4 dxc4 22. Nxc4 f6 23. Na3 g5 24. Bg3 a6 25. Nxb5 axb5 26. f3 Kd7 27. d5 c5 28. Kf1 b4 29. Rc2 b3 30. Rb2 c4 31. Be1 Ra1 32. Ke2 b5 33. e4 Ra2 34. Bc3 b4 35. Rxa2 bxc3 36. Ra7+ Kd6 37. Rb7 Kc5 38. Kd1 Kd4 39. d6 Kd3 40. d7 c2+ 41. Kc1 1-0

[Event "NOR-ch Kadett-B"]
[Site "Lillehammer"]
[Date "2013.06.29"]
[Round "5"]
[White "Rambjor, Jon Oddvar"]
[Black "Nord, Dag Einar Bjorkevol"]
[Result "0-1"]
[WhiteElo "873"]
[BlackElo "1136"]
[PlyCount "41"]
[EventDate "2013.06.29"]
[EventType "swiss"]
[EventRounds "9"]
[EventCountry "NOR"]
[SourceTitle "EXT 2017"]
[Source "ChessBase"]
[SourceDate "2016.10.25"]
[SourceVersion "1"]
[SourceVersionDate "2016.10.25"]
[SourceQuality "1"]

1. b4 e5 2. Bb2 Bxb4 3. Bxe5 Nf6 4. Bb2 Nc6 5. Nc3 d5 6. e3 0-0 7. d4 Ne4 8. Bd3 Nxc3 9. Qh5 Ne4+ 10. Kf1 Nf6 11. Qf3 Bg4 12. Qg3 Qd7 13. Rc1 Nh5 14. Nf3 Nxg3+ 15. hxg3 Bf5 16. e4 dxe4 17. d5 exf3 18. Rh5 Bxd3+ 19. Kg1 Bg6 20. dxc6 Qxc6 21. Rg5 0-1